header

Venture philanthropy strategies to support translational research (Record no. 62664)

MARC details
000 -LEADER
fixed length control field 01664nam a2200337 a 4500
245 00 - TITLE STATEMENT
Title Venture philanthropy strategies to support translational research
260 ## - PUBLICATION, DISTRIBUTION, ETC. (IMPRINT)
Place of publication Washington, D.C. :
Name of publisher National Academies Press,
Year of publication 2009.
300 ## - PHYSICAL DESCRIPTION
Number of Pages xi, 92 p. :
Other physical details ill.
650 #0 - SUBJECT ADDED ENTRY--TOPICAL TERM
Topical Term Medicine
700 1# - ADDED ENTRY--PERSONAL NAME
Personal name Hanson, Sarah.
Personal name Nadig, Lori.
Personal name Altevogt, Bruce M.
856 40 - ELECTRONIC LOCATION AND ACCESS
Uniform Resource Identifier http://site.ebrary.com/lib/rucke/Doc?id=10309970

No items available.

© 2026 Rongo University
Contact us: librarian | system librarian | Rongo university